LDR 01010naa#a2200169#i#450# 001 RU\\bibl\20102 005 20260701091433.3 100 ## _a20260630b2026####ek#y0rusy0150####ca 102 ## _aRU 200 1# _aАВТОМАТИЗАЦИЯ ОБРАБОТКИ ВХОДЯЩИХ БИЗНЕС-ДОКУМЕНТОВ: АНАЛИЗ ПРИМЕНИМОСТИ РЕГУЛЯРНЫХ ВЫРАЖЕНИЙ И КОНТЕКСТНОЙ ЛОГИКИ ВМЕСТО МАШИННОГО ОБУЧЕНИЯ _eСтатья/тезисы конференции 210 1# _aВоронеж _cВоронежский государственный лесотехнический университет имени Г.Ф. Морозова _d2026 215 ## _a7 с. 608 ## _aСтатья/тезисы конференции _2local 675 ## _aПрикладные информационные (компьютерные) технологии. 004.9 _z 700 #1 _aБордюжа _gЕ. О. 700 #1 _aЗаревич _gАнтон Иванович 856 4# _abibl.vgltu.ru _u